000 00916nam a22002297a 4500
003 URS
005 20220607144250.0
008 220607b ||||| |||| 00| 0 eng d
100 _91676
_aBautista, Rosel G.
_eauthor
245 _aAn evaluation of rewards system of Bluebean Inc. in Taytay Rizal
_cRosel G. Bautista, Ma. Stefanny V. Escauriaga, Mark Jay Z. Liwag
260 _c2018
300 _axii, 79 leaves
_c28 cm.
336 _2rdacontent
_atext
337 _2rdamedia
_aunmediated
338 _2rdacarrier
_avolume
502 _aThesis
_bBachelor of Science in Business Administration Major in Human Resource Development Management
_cUniversity of Rizal System, Binangonan
_d2018
504 _aIncludes bibliographical references.
700 _91677
_aEscauriaga, Ma. Stefanny V.
_eauthor
700 _91678
_aLiwag, Mark Jay Z.
_eauthor
700 _91679
_aAlbert Q. Clemente, MM
_eadviser
942 _2lcc
_cT
999 _c58218
_d58218